<?xml version="1.0" encoding="utf-8"?>
<?xml-stylesheet type='text/xsl' href='./oai2.xsl'?>
<OAI-PMH xmlns="http://www.openarchives.org/OAI/2.0/" xmlns:xsi="http://www.w3.org/2001/XMLSchema-instance" xsi:schemaLocation="http://www.openarchives.org/OAI/2.0/ http://www.openarchives.org/OAI/2.0/OAI-PMH.xsd">
  <responseDate>2026-06-06T15:37:32Z</responseDate>
  <request verb="GetRecord" metadataPrefix="marcxml" identifier="record_kuniweb_2508554">https://kulturerbe.niedersachsen.de/oai</request>
  <GetRecord>
    <record>
      <header>
        <identifier>record_kuniweb_2508554</identifier>
        <datestamp>2026-03-31T19:09:18Z</datestamp>
        <setSpec>slg0175</setSpec>
      </header>
      <metadata>
        <marc:record xmlns:marc="http://www.loc.gov/MARC21/slim" xsi:schemaLocation="http://www.loc.gov/MARC21/slim http://www.loc.gov/standards/marcxml/schema/MARC21slim.xsd">
          <marc:leader>12345nkm  22     uu 4500</marc:leader>
          <marc:controlfield tag="001">2508554</marc:controlfield>
          <marc:controlfield tag="003">http://kuniweb.gbv.de</marc:controlfield>
          <marc:controlfield tag="005">2024-05-27T13:44:49</marc:controlfield>
          <marc:controlfield tag="008">|           ||||||||||||||||||||||</marc:controlfield>
          <marc:datafield tag="245" ind1="1" ind2="0">
            <marc:subfield code="a">Der Abschied des Offiziers</marc:subfield>
          </marc:datafield>
          <marc:datafield tag="720" ind1=" " ind2=" ">
            <marc:subfield code="a">F. A. Brockhaus (Leipzig)</marc:subfield>
          </marc:datafield>
          <marc:datafield tag="720" ind1=" " ind2=" ">
            <marc:subfield code="a">Victor von Wimpffen</marc:subfield>
          </marc:datafield>
          <marc:datafield tag="720" ind1=" " ind2=" ">
            <marc:subfield code="a">E. A. Seemann (Firma : Leipzig)</marc:subfield>
          </marc:datafield>
          <marc:datafield tag="720" ind1=" " ind2=" ">
            <marc:subfield code="a">Johannes Klaus</marc:subfield>
          </marc:datafield>
          <marc:datafield tag="720" ind1=" " ind2=" ">
            <marc:subfield code="a">Albert Schindler</marc:subfield>
          </marc:datafield>
          <marc:datafield tag="655" ind1=" " ind2="7">
            <marc:subfield code="a">Grafik</marc:subfield>
          </marc:datafield>
          <marc:datafield tag="046" ind1=" " ind2=" ">
            <marc:subfield code="k">1876</marc:subfield>
            <marc:subfield code="k">1876/77 (Veröffentlichung der Reproduktion in der "Zeitschrift für bildende Kunst" 1877))</marc:subfield>
            <marc:subfield code="l">1877</marc:subfield>
          </marc:datafield>
          <marc:datafield tag="260" ind1=" " ind2=" ">
            <marc:subfield code="g">1876</marc:subfield>
            <marc:subfield code="g">1877</marc:subfield>
            <marc:subfield code="g">1876/77 (Veröffentlichung der Reproduktion in der "Zeitschrift für bildende Kunst" 1877))</marc:subfield>
          </marc:datafield>
          <marc:datafield tag="300" ind1=" " ind2=" ">
            <marc:subfield code="a">Höhe: 163 mm (Darstellung)
Breite: 133 mm (Darstellung)
Höhe: 220 mm (Druckplatte)
Breite: 170 mm (Druckplatte)</marc:subfield>
          </marc:datafield>
          <marc:datafield tag="520" ind1=" " ind2=" ">
            <marc:subfield code="a">Radierung von Johannes Klaus nach dem Gemälde Albert Schindlers ("Der Abschied", 1841), erschienen als Beilage in der "Zeitschrift für bildende Kunst" 1877 ("Von Albert Schindler, der auch als trefflicher Radirer und Zeichner [...] bekannt ist, rührt das durch J. Klaus reproducirte Bild aus der Sammlung des Grafen Victor Wimpffen in Wien her, welches wir dem diesmonatlichen Hefte beilegen. [...] Wie die meisten seiner Bilder, ist auch dieses kleine Werk bei aller Anspruchslosigkeit und Schlichtheit nicht ohne seinen malerischen Reiz." [ZfbK 1877, S. 128])
 (T. Mahler 05/2024)

Aufdruck:
"Alb. Schindler pinx./ Verlag von E.A. Seemann in Leipzig." u. li. "DER ABSCHIED DES OFFICIERS./ Oelgemälde im Besitz des Grafen Victor Wimpffen in Wien." u. mittig "J. Klaus sculps./ Druck von F.A. Brockhaus in Leipzig." u. re. (unterhalb der Darstellung innerhalb der Druckplatte)

Aufschrift:
"12/4" verso u. re. (Angaben zur Auflage ("Zeitschrift für bildende Kunst", Bd. 12, Heft 4, Leipzig 1877))

Veröffentlicht in:
Zeitschrift für bildende Kunst. Mit dem Beiblatt Kunst-Chronik, hrsg. von Carl von Lützow (Bd. 12, 4), Leipzig (1877)

Literatur in Zusammenhang:
C. Wurzbach, „Sax - Schimpf“, Biographisches Lexikon des Kaiserthums Österreich, Bd. 29. Hof-u. Staatsdruckerei, Wien, 1875. (S. 1)</marc:subfield>
          </marc:datafield>
          <marc:datafield tag="650" ind1="1" ind2=" ">
            <marc:subfield code="a">Grafik, Fotografie &gt; Druckgrafik &gt; Tiefdruck &gt; Radierung</marc:subfield>
          </marc:datafield>
          <marc:datafield tag="773" ind1="0" ind2=" ">
            <marc:subfield code="t">Sammlung und Nachlass Hermann Allmers</marc:subfield>
          </marc:datafield>
          <marc:datafield tag="852" ind1=" " ind2=" ">
            <marc:subfield code="a">Archiv des Landkreises Cuxhaven</marc:subfield>
          </marc:datafield>
          <marc:datafield tag="" ind1=" " ind2=" ">
            <marc:subfield code="a">Sammlung und Nachlass Hermann Allmers sind Eigentum der Hermann-Allmers-Gesellschaft e. V. und werden in zwei Teilen an zwei Standorten verwahrt:
Die (museale) Sammlung, bestehend aus Mobiliar und Hausgerät, Tafelgemälden, kleineren und größeren Antiken, Gipsabgüssen, kunsthandwerklichen Objekten aus Keramik und Glas und einer kleinen Bibliothek, befindet sich im Allmers-Haus in Rechtenfleth.
Der literarische, grafische und fotografische "Nachlass Hermann Allmers" hingegen ist im Archiv des Landkreises Cuxhaven in Otterndorf deponiert.</marc:subfield>
          </marc:datafield>
          <marc:datafield tag="" ind1=" " ind2=" ">
            <marc:subfield code="a">Namensnennung - Nicht kommerziell - Keine Bearbeitungen 4.0 International (CC BY-NC-ND 4.0)</marc:subfield>
          </marc:datafield>
        </marc:record>
      </metadata>
    </record>
  </GetRecord>
</OAI-PMH>
